|
|
|
|
| LEADER |
00000nab a2200000 a 4500 |
| 001 |
vtls000106782 |
| 003 |
SK-MaSNL |
| 005 |
20260318122622.0 |
| 008 |
140430c1981 xo 0 rus |
| 015 |
|
|
|a SNBRB19rr/mm-uuuuu
|
| 035 |
|
|
|a CL0116885
|
| 040 |
|
|
|a SNKBUCL
|b slo
|c SNKBUCL
|e AACR2
|
| 041 |
0 |
|
|a rus
|
| 044 |
|
|
|a xo
|c SK
|
| 080 |
|
|
|a 576
|2 1981
|
| 080 |
|
|
|a 577
|2 1981
|
| 080 |
|
|
|a 578
|2 1981
|
| 080 |
|
|
|a 616.9
|2 1981
|
| 245 |
0 |
0 |
|a Virus - inducirovannaja blasttransformácia limfocitov i jeje ingibirovanije F (ab 1)2 - fragmentami IgG čeloveka ; JuV. Pervikov, G.U. Margulis, L.B. Eľbert, A.Ja Kuľberg, F.S. Baranova
|
| 300 |
|
|
|b Tb. 2.
|
| 650 |
0 |
7 |
|a lymfocyty
|2 snkbucl
|9 16131
|
| 650 |
0 |
7 |
|a encefalitída
|2 snkbucl
|9 18213
|
| 655 |
|
7 |
|a články z novín a časopisov
|2 snkbucl
|9 267496
|
| 700 |
1 |
|
|a Pervikov, JuV.
|4 aut
|9 1544352
|
| 700 |
1 |
|
|a Margulis, G.U.
|4 aut
|9 1544353
|
| 700 |
1 |
|
|a Eľbert, L.B.
|4 aut
|9 1544354
|
| 700 |
1 |
|
|a Kuľberg, A.Ja
|4 aut
|9 1544355
|
| 700 |
1 |
|
|a Baranova, F.S.
|4 aut
|9 1544356
|
| 773 |
0 |
|
|t Acta virologica
|g Roč. 35, č. 3 (1981), s. 159-162
|
| 850 |
|
|
|a Slovenská národná knižnica v Martine
|a MTA001
|
| 852 |
|
|
|a SNK
|b KIS3GCP
|
| 958 |
|
|
|a RK
|
| 958 |
|
|
|a RU
|
| 992 |
|
|
|a RBX
|
| 999 |
|
|
|c 3131198
|d 3133128
|